000 00892cam a22002897a 4500
003 CHAP
005 20220329135213.0
008 971013s1983 r 00010 d
010 _a32545
011 _a33517
035 _a37633
040 _cCHAP
090 _aFolleto 8468
100 0 0 _aNieto Pola, Cecilia.
_981280
245 1 3 _aLa lechugilla
260 _aXalapa, Ver. :
_bInstituto Nacional de Investigaciones sobre Recursos Bióticos,
_c1983
300 _a4 p.
490 0 _aINIREB Informa. Comunicado
_v; 63
590 _aBATCH-UPD
_b10
_c20130110
_lUCH01
_h1241
590 _aCONVERSION
_b10
_c20130109
_lUCH01
_h1318
650 1 4 _aLechuguilla.
_965491
830 0 _aINIREB Informa. Comunicado
_v; 63
_958804
901 _aBK
942 _cFOLL
949 _aFolleto 8468
_bBC
_cFOLL
_d-86250
_eTS1
_i37633
_si
949 _aFolleto 8468
_bBC
_cFOLL
_d33724002168728
_eTS2
_fc.2
_i37633
_sb
999 _c32545
_d32545